000 00467nam a2200181Ia 4500
001 25408
003 IN-NITTTR
005 20251114233322.0
008 251113s9999||||xx |||||||||||||| ||eng||
040 _beng
040 _cIN-NITTTR
041 _aeng
082 _a006.72 W691D
100 _aWilson, Scott J.
245 0 _aDirector 8 and Lingo; Inside macromedia /
_cWilson, Scott J., Salvatierra, Richard
700 _a Salvatierra, Richard
942 _2ddc
_cBK
999 _c28037
_d28037